00393nam a2200133Ia 4500100002100000942000700021654001500028245002300043260004700066082001100113546001200124999001700136952010600153 aChurchill/ S/C.  cBK aSoldering. aSoldering part one bMAchinerys Standard Reference Seriesc2001 a671.56 aENGLISH c19026d19026 001040708AFTaCRCEbCRCEd2023-03-17g22.50l0o671.56 pAFT481r2023-03-17v22.50w2023-03-17yBK